000 01192nam a22002415i 4500
001 152988
003 ES-MaACL
005 20250716025403.0
008 970930m18221824sp |||| | spa d
040 _aAR
_bspa
_cAR
245 0 0 _aCartas de algunos judíos portugueses, alemanes y polacos á Voltaire
_b: con un pequeño comentario extractado de otro mayor /
_ctraducidas del francés por Fernando María Segobia.
260 _aMadrid :
_bSe hallará en las librerías de Sanz [etc],
_c1822-1824 (
_fEn la Oficina de Francisco Martinez Dávila)
300 _a3 v. ;
_c21 cm.
505 8 _aContiene: t. I. Primera parte (VIII, 112, 23, III p.) ; segunda parte (P. 113-182, p. 25-38) ; tercera parte (P. 183-261, p. 39-43) -- t. II. (246 p., p.19-28, p. 1-18) -- t. III. (144, 16 p., P. 145-340 [i.e. 240], p. 17-24)
596 _aEl imp. consta en el colofón del t. I.
597 1 _aCuadernos con sign.
597 1 _aCada parte con port. y pag. propias.
700 1 1 _aSegovia, Fernando María,
_etrad.
_9132631
700 0 1 _aVoltaire,
_d1694-1778
_9115721
752 _aEspaña -
_dMadrid
852 _aES-MaACL
_jG-2847-2849
_z-- Enc. pasta
999 _c152988
_d152988